[Event "Aragon-chT"]
[Site "Aragon"]
[Date "2008.02.09"]
[Round "2"]
[White "Diaz Gordo, Enrique"]
[Black "Ruiz Gutierrez, Jose Manuel"]
[Result "0-1"]
[WhiteElo "1500"]
[BlackElo "1899"]
[PlyCount "72"]
[EventDate "2008.02.02"]
[EventType "team-swiss"]
[EventRounds "12"]
[EventCountry "ESP"]
[SourceTitle "EXT 2011"]
[Source "ChessBase"]
[SourceDate "2010.11.26"]
[SourceVersion "1"]
[SourceVersionDate "2010.11.26"]
[SourceQuality "1"]

1. e4 c5 2. Nf3 e6 3. d4 cxd4 4. Nxd4 Nf6 5. Nc3 a6 6. Bd3 Qc7 7. Be3 Nc6 8. Qd2 b5 9. f3 Bb7 10. g4 Rc8 11. 0-0-0 Qa5 12. Kb1 Bb4 13. Nde2 Ne5 14. Rhf1 0-0 15. h4 d5 16. Bd4 Nfd7 17. Qf4 f6 18. g5 Nxd3 19. Rxd3 e5 20. Qf5 exd4 21. Qxd7 Rf7 22. Qe6 dxc3 23. gxf6 cxb2 24. Rg1 g6 25. h5 Qc7 26. Nd4 Qh2 27. Rg4 Qxh5 28. f4 Qh1+ 29. Kxb2 Qxe4 30. Kb3 Bf8 31. Rh4 Re8 32. Qg4 Qe1 33. Kb2 Qb4+ 34. Nb3 Qa3+ 35. Kc3 Bb4+ 36. Kd4 Re4# 0-1